| 000 | 00744nam a2200205 i 4500 | ||
|---|---|---|---|
| 001 | 143514 | ||
| 003 | ES-MaACL | ||
| 005 | 20250829063125.0 | ||
| 007 | t| | ||
| 008 | 070214s1948 ag r ||||1| spa d | ||
| 100 | 1 |
_aSertillanges, Antonin-Dalmace, _d1863-1948 _9105847 |
|
| 245 | 1 | 4 |
_aLas grandes tesis de la Filosofía tomista / _cA. D. Sertillanges ; versión castellana del Dr. Angel Lacabe. |
| 260 |
_aBuenos Aires : _bDedebec-Desclée, _c1948 ( _fSebastián Amorrortu) |
||
| 300 |
_a269 p. ; _c20 cm. |
||
| 600 | 0 | 4 |
_aTomás de Aquino _cSanto- _xCrítica e interpretación. _9110513 |
| 650 | 4 |
_aEscolasticismo. _9136013 |
|
| 700 | 1 |
_aLacabe, Angel. _969311 |
|
| 852 |
_aES-MaACL _jF-5260 _bR.26743 |
||
| 999 |
_c143514 _d143514 |
||